000
00315nam a2200133Ia 4500
100
_a
Cromwell/leslie/ Weibell/Fred
942
_c
BK
654
_a
biomedical
245
_a
Biomedical instrumentatin and measurements
260
_b
Prentice Hall
_c
1980
082
_a
5.43
_b
KAL
300
_a
510
546
_a
ENGLISH
999
_c
25941
_d
25941